Loading...

Catalysis by transition metal modified ceria and ceria-Zirconia mixed oxides prepared via sol-gel route (Thesis)

Bibliographic Details
Main Author: Maya, G
Other Authors: Sugunan, S; guided by
Format: Ph.D Thesis
Language:English
Published: Kochi Department of Applied Chemistry, Cusat 2006
Subjects:
LEADER 00760nam a22001817a 4500
005 20151026133214.0
008 121122t xxu||||| |||| 00| 0 eng d
080 |a 544.473:546.302  |b MAY T 
100 |a Maya, G  |9 22201 
245 |a Catalysis by transition metal modified ceria and ceria-Zirconia mixed oxides prepared via sol-gel route (Thesis)  |c Maya G; guided by S. Sugunan 
300 |a 170p. 
653 |a Catalysis-cera catalysts 
653 |a Transition metal catalysts 
700 |a Sugunan, S; guided by  |9 18362 
942 |c TH  |6 _ 
260 |a Kochi  |b Department of Applied Chemistry, Cusat  |c 2006  |9 19165 
999 |c 65252  |d 65252 
952 |0 0  |1 0  |2 udc  |4 0  |6 544473546302_MAYT  |7 1  |9 77603  |a UL  |b UL  |c REF  |d 2012-11-22  |o 544.473:546.302 MAY T  |p T0000312  |r 2012-11-22  |w 2012-11-22  |y TH